|
|
|
|
| LEADER |
00000nam0a2200000 4500 |
| 001 |
266412 |
| 005 |
20231101234010.0 |
| 020 |
|
|
|a RU
|b 86-31805
|
| 035 |
|
|
|a (RuTPU)RU\TPU\book\289432
|
| 090 |
|
|
|a 266412
|
| 100 |
|
|
|a 20140708d1986 m a0rusy5003 ca
|
| 101 |
0 |
|
|a rus
|
| 102 |
|
|
|a UA
|
| 105 |
|
|
|a a j 001zy
|
| 200 |
1 |
|
|a Математические методы в географии
|e учебное пособие для вузов
|f А. П. Голиков, И. Г. Черванев, А. М. Трофимов
|
| 210 |
|
|
|a Харьков
|c Вища школа
|c Изд-во ХГУ
|d 1986
|
| 215 |
|
|
|a 143 с.
|c ил.
|
| 320 |
|
|
|a Библиогр.: с. 142 (28 назв.)
|
| 606 |
1 |
|
|a География
|2 stltpush
|3 (RuTPU)RU\TPU\subj\5918
|9 33902
|
| 610 |
1 |
|
|a математические методы
|
| 610 |
1 |
|
|a учебные пособия
|
| 610 |
1 |
|
|a моделирование
|
| 610 |
1 |
|
|a системный анализ
|
| 610 |
1 |
|
|a информация
|
| 610 |
1 |
|
|a сбор
|
| 610 |
1 |
|
|a обработка
|
| 675 |
|
|
|a 914.3(075)
|z rus
|
| 700 |
|
1 |
|a Голиков
|b А. П.
|g Артур Павлович
|
| 701 |
|
1 |
|a Черванев
|b И. Г.
|g Игорь Григорьевич
|
| 701 |
|
1 |
|a Трофимов
|b А. М.
|g Анатолий Михайлович
|
| 801 |
|
0 |
|a RU
|b RuMRKP
|c 19950704
|g psbo
|
| 801 |
|
1 |
|a RU
|b 63413507
|c 20140708
|
| 801 |
|
2 |
|a RU
|b 63413507
|c 20150915
|g RCR
|
| 942 |
|
|
|c BK
|